Saksan kanslerit - Statistics

Yleistilastot
  • Tätä visaa on pelattu 9 kertaa
  • Keskiarvotulos 6 / 36
Vastaustilastot
Vuodet Puolue Kansleri % Oikein
2005-2021 CDU Angela Merkel
100%
1982-1998 CDU Helmut Kohl
89%
1933-1945 Natsi Adolf Hitler
78%
1969-1974 SPD Willy Brandt
67%
1871-1890 Sitoutumaton Otto von Bismarck
56%
1949-1963 CDU Konrad Adenauer
44%
2025 CDU Friedrich Merz
33%
1998-2005 SPD Gerhard Schröder
33%
2021-2025 SPD Olaf Scholz
33%
1918-1919 SPD Friedrich Ebert
22%
1974-1982 SPD Helmut Schmidt
22%
1932 Keskusta Franz von Papen
11%
1966-1969 CDU Kurt Georg Kiesinger
11%
1963-1966 CDU Ludvig Erhard
11%
1900-1909 Sitoutumaton Bernhard von Bülow
0%
1894-1900 Sitoutumaton Chlodwig zu Hohenlohe-Schillingsfürst
0%
1917 Sitoutumaton Georg Michaelis
0%
1917-1918 Keskusta Georg von Hertling
0%
1919-1920 SPD Gustav Bauer
0%
1923 Liberaali Gustav Stresemann
0%
1925-1926 Liberaali Hans Luther
0%
1930-1932 Keskusta Heinrich Brüning
0%
1920 SPD Hermann Müller
0%
1928-1930 SPD Hermann Müller
0%
1945 Natsi Joseph Goebbels
0%
1921-1922 Keskusta Joseph Wirth
0%
1920-1921 Keskusta Konstantin Fehrenbach
0%
1932-1933 Sitoutumaton Kurt von Schleicher
0%
1890-1894 Sitoutumaton Leo von Caprivi
0%
1945 Sitoutumaton Lutz Schwerin von Krosigk
0%
1918 Sitoutumaton Maximiliam von Baden
0%
1919 SPD Philipp Scheidemann
0%
1909-1917 Sitoutumaton Theobald von Bethmann Hollweg
0%
1922-1923 sitoutumaton Wilhelm Cuno
0%
1923-1925 Keskusta Wilhelm Marx
0%
1926-1928 Keskusta Wilhelm Marx
0%
Ehtoja vastaavia visoja ei löytynyt
Tulosjakauma
Jokaisen tuloksen saaneiden osuus
Persentiili vastausten määrän mukaan
Tuloshistoriasi
Et ole pelannut tätä visaa